| 000 | 00553nam a2200169 a 4500 | ||
|---|---|---|---|
| 001 | 000040676 | ||
| 005 | 20201002034310.0 | ||
| 008 | 130905s2007 sp a 000 0 spa d | ||
| 020 | _a9788425219153 | ||
| 040 |
_aDO-SdBNP _bspa _cBNPHU |
||
| 100 | 1 |
_aFontcuberta, Joan _967041 |
|
| 245 | 1 | 0 |
_aEstética fotográfica : _buna selección de textos / _cJoan Fontcuberta. |
| 260 |
_aBarcelona : _bGustavo Gili, _c2007. |
||
| 300 |
_a287 p. : _bils. ; _c21 cm. |
||
| 500 | _aIncluye índice de nombres e índice analítico | ||
| 504 | _aBibliografía : p. 286-287 | ||
| 999 |
_c40166 _d40166 |
||